[Event "World Team-ch Women 2019"]
[Site "Astana"]
[Date "2019.03.06"]
[Round "2.19"]
[White "Assaubayeva, Bibisara"]
[Black "Padmini, Rout"]
[Result "1-0"]
[WhiteElo "2376"]
[BlackElo "2332"]
[Annotator "TA"]
[PlyCount "85"]
[EventDate "2019.02.05"]
[EventType "team-tourn"]
[EventCountry "KAZ"]
[SourceTitle "playchess.com"]
[Source "ChessBase"]
[SourceQuality "1"]
[WhiteTeam "Kazakhstan"]
[BlackTeam "India"]
[WhiteTeamCountry "KAZ"]
[BlackTeamCountry "IND"]

{[%evp 15,85,-10,26,0,40,45,94,87,89,87,81,93,91,73,124,97,102,120,110,118,121,44,44,44,45,52,62,56,84,77,284,245,263,281,283,264,235,240,388,384,484,333,558,555,559,481,515,213,214,213,213,220,218,207,211,201,281,278,376,337,372,361,410,376,664,450,712,712,589,564,860,491]} 1. d4 Nf6 2. c4 e6 3. Nf3 d5 4. Nc3 Be7 5. Bg5 h6 6. Bxf6 Bxf6 7. Qc2 O-O 8. O-O-O c5 9. dxc5 {[%cal Rc4d5] D53: Queen's Gambit Declined: 4 Bg5 Be7: Early deviations} Na6 (9... Bxc3 $5 10. Qxc3 Qc7 $14) (9... d4 10. Nxd4 Bxd4 11. Qe4 Nc6 12. e3 f5 13. Qf3 Qg5 14. h4 Bxe3+ 15. Qxe3 Qxe3+ 16. fxe3 Ne5 {½-½ (28) Delchev,A (2588)-Georgiev,K (2644) Konya 2017}) 10. cxd5 {Strongly threatening e4.} Qa5 11. e4 $146 {White is better.} ({Predecessor:} 11. Nd4 Nxc5 12. e3 exd5 13. Nxd5 Bxd4 14. Rxd4 Ne6 15. Rd1 Qxa2 16. Bc4 Qa1+ 17. Qb1 Qa4 18. Qa2 Qxa2 19. Bxa2 b6 20. Ne7+ {½-½ (39) Thejkumar,M (2441)-Prasanna Raghuram,R (2233) Nagpur 2008}) 11... Nb4 12. Qa4 Qxc5 13. e5 Bd8 {[%cal Re6d5]} 14. d6 {And now Kb1 would win.} Nd5 (14... b5 $142 15. Bxb5 Rb8) 15. Qd4 Qxd4 16. Nxd4 Nxc3 17. bxc3 Bd7 18. Bd3 ({Better is} 18. Bb5 $16 Bxb5 19. Nxb5) 18... Rc8 $1 $14 19. Kb2 $36 {[%mdl 2048] Black is under pressure.} f6 $1 20. f4 fxe5 21. fxe5 Rf2+ {[#]} 22. Kb3 $1 b5 $2 (22... Ba5 $16 23. Rc1 Rxg2) 23. Bxb5 $18 Bxb5 24. Nxb5 Rb8 25. Kc4 Rc8+ 26. Kd3 Rc5 (26... Ba5 {keeps fighting.} 27. c4 Rxg2 28. Nxa7 Rc5) 27. Nd4 Ba5 28. Nxe6 Rxc3+ $2 (28... Rxe5 {was necessary.} 29. Rhe1 Rd5+ 30. Kc4 Rxd1 31. Rxd1 Kf7) 29. Kd4 Ra3 30. d7 Re2 {[#]} 31. d8=Q+ (31. Rhe1 $142 $1 {[%mdl 512]} Rxg2 (31... Bxe1 32. d8=Q+) 32. Kc5 Rc2+ 33. Kd6 Bb4+ 34. Kd5) 31... Bxd8 32. Nxd8 {Nc6 is the strong threat.} Ra4+ 33. Kd5 Ra5+ 34. Kd6 Raxe5 35. Nc6 Rg5 36. a4 {[%cal Ba2a4,Ba4a5][%mdl 32]} Rgxg2 37. h4 Rc2 38. h5 a6 39. Rhe1 Rg4 $2 (39... Rgf2 40. Ne7+ Kh7) 40. a5 {White is clearly winning.} Rgc4 (40... Kh7 $142 41. Re7 Rg5) 41. Re8+ Kh7 42. Ne5 Rh4 43. Ke6 {Accuracy: White = 76%, Black = 24%.} 1-0

[Event "World Team-ch Women 2019"]
[Site "Astana"]
[Date "2019.03.06"]
[Round "2.20"]
[White "Kulkarni Bhakti"]
[Black "Dauletova, Gulmira"]
[Result "1-0"]
[WhiteElo "2322"]
[BlackElo "2263"]
[Annotator "TA"]
[PlyCount "81"]
[EventDate "2019.02.05"]
[EventType "team-tourn"]
[EventCountry "KAZ"]
[SourceTitle "playchess.com"]
[Source "ChessBase"]
[SourceQuality "1"]
[WhiteTeam "India"]
[BlackTeam "Kazakhstan"]
[WhiteTeamCountry "IND"]
[BlackTeamCountry "KAZ"]

{[%evp 20,81,0,-10,0,5,44,36,41,39,36,16,19,-7,-5,-5,-1,-2,-6,-16,29,28,25,26,24,31,29,27,24,29,39,26,58,37,58,45,59,47,63,65,79,75,96,85,93,96,235,221,386,360,567,535,1229,1255,1460,1448,1747,1674,1326,831,831,809,763,748]} 1. d4 Nf6 2. c4 e6 3. Nc3 Bb4 4. e3 O-O 5. Nge2 d5 6. a3 Be7 7. Nf4 c6 8. Bd3 Na6 {E46: Nimzo-Indian: Rubinstein: 4 e3 0-0 5 Ne2 without early Bd3} 9. cxd5 exd5 10. O-O Nc7 11. b4 {LiveBook: 8 Games} (11. f3 Re8 12. Bd2 Bf8 13. Qe1 g6 14. g4 c5 15. Qf2 b6 16. h4 Bd6 17. Nce2 {0-1 (54) Caruana,F (2816)-Karjakin,S (2782) Leuven 2018}) 11... Re8 12. b5 $146 ({Predecessor:} 12. f3 a5 13. b5 c5 14. dxc5 Bxc5 15. Re1 Ba7 16. Kh1 Qd6 17. a4 {½-½ (30) Claridge,J (2184)-Latas,P (2117) ICCF email 2013}) 12... c5 13. dxc5 $1 Bxc5 14. Bb2 Bg4 15. Qb3 d4 16. exd4 Bxd4 17. Bc4 Ne6 18. Nxe6 Bxe6 19. Rad1 {Threatening Qa4.} Rc8 (19... Ng4 $5 {[%cal Rd8h4]} 20. Bxe6 Rxe6 $15) 20. Bxe6 Rxe6 {[#]} 21. Ne2 $1 $36 {[%mdl 2560] Black is under pressure.} Rxe2 22. Bxd4 b6 23. Qf3 Re6 24. Bxf6 Qxf6 25. Qb7 Rce8 26. Qxa7 h5 27. Qc7 Qg5 28. Qd7 h4 29. h3 Re2 30. a4 Qc5 31. Rc1 Qe7 32. Qd4 Qa3 (32... Qe6 $16) 33. Ra1 $18 ({Don't play} 33. Qxb6 $6 Qxa4 34. Rb1 Qe4) (33. Qxh4 R2e4 $16) 33... Qb2 $2 (33... Ra2 34. Rxa2 Qxa2) 34. Qxb6 R8e4 (34... Qb3 {was worth a try.} 35. Qd4 R2e4) 35. a5 {[#] Hoping for a6.White is clearly winning.} Kh7 36. a6 Re6 37. Qd8 Rf6 38. Qd3+ g6 39. Qxe2 Qxe2 40. a7 Qxb5 41. a8=Q {Precision: White = 81%, Black = 23%.} 1-0